My Dear Melancholy, Tracklist (The Weeknd) - Statistics

General Stats
  • This quiz has been taken 29 times
  • The average score is 5 of 6
Answer Stats
Hint Answer % Correct
1 Call out My Name
94%
4 I Was Never There
88%
6 Privilege
82%
5 Hurt You
71%
2 Try Me
65%
3 Wasted Times
53%
No matching quizzes found
Score Distribution
Percent of People with Each Score
Percentile by Number Answered
Your Score History
You have not taken this quiz